| 000 | 00768nam a22001697a 4500 | ||
|---|---|---|---|
| 999 |
_c60954 _d60954 |
||
| 005 | 20231129122224.0 | ||
| 008 | 231129s1977 ru ||||| |||| 00| 0 rus d | ||
| 041 | _arus | ||
| 080 | _a902/904 Г-76 | ||
| 100 |
_aГраков, Б.Н. _920505 |
||
| 245 |
_aРанний железный век : _b(Культуры Западной и Юго-Восточной Европы) / _cБ.Н. Граков. |
||
| 264 |
_aМосква : _bИзд-во Москов. ун-та, _c1977. |
||
| 300 |
_a235 с.: _bил.; _c27 см. |
||
| 653 | _aადრეული რკინის ხანა | ||
| 653 | _aდასავლეთ და სამხრეთ-აღმოსავლეთ ევროპის კულტურები | ||
| 942 |
_2udc _cᲬᲘᲒᲜᲘ |
||